000 00487nam a2200145Ia 4500
008 100122s9999 xx 000 0 und d
082 _b33095
_a823
100 _aअष्टीकर मंदाकिनी
245 _aगंध होता चंदनाला
260 _bमनोरमा प्रकाशन
_c1905
300 _a212
630 _aगंध होता चंदनाला
730 _aगंध होता चंदनाला
942 _cBOOK
999 _c417265
_d417262